social media websites - Statistics

General Stats
  • This quiz has been taken 27 times
  • The average score is 5 of 6
Answer Stats
Answer % Correct
instagram
96%
facebook
92%
snapchat
88%
tiktok
88%
x
79%
youtube
71%
No matching quizzes found
Score Distribution
Percent of People with Each Score
Percentile by Number Answered
Your Score History
You have not taken this quiz